000
00296nam a2200133Ia 4500
100
_a
Oberg/Erik/ Jones/Franklin D
942
_c
BK
654
_a
machinery handbook
245
_a
Machinery Handbook
260
_b
Industrial Press Inc
_c
1974
300
_a
2420
546
_a
ENGLISH
999
_c
22801
_d
22801